000
00313nam a2200133Ia 4500
005
20251222141931.0
008
251222s9999||||xx |||||||||||||| ||spa||
020
_a
84-86761-30-1
082
_a
005.13/B76
100
_a
Botti, M.
245
0
_a
Curso Práctico de Programación:
264
_b
Jackson
942
_c
LIB
999
_c
9033
_d
9033